[Event "Titled Tuesday intern op 16th Apr Early"]
[Site "Chess.com INT"]
[Date "2024.04.16"]
[Round "9"]
[White "Gao, Raymond"]
[Black "Singgih, Diajeng Theresa"]
[Result "0-1"]
[WhiteElo "2001"]
[BlackElo "1924"]
[PlyCount "64"]
[EventDate "2024.04.16"]
[EventType "swiss (blitz)"]
[EventRounds "11"]
[EventCountry "USA"]
[SourceTitle "CB17_2024"]
[SourceDate "2024.04.24"]
[SourceVersion "1"]
[SourceVersionDate "2024.04.24"]
[SourceQuality "1"]

1. e4 e5 2. Nf3 Nc6 3. Bc4 Bc5 4. c3 Nf6 5. d3 d6 6. 0-0 Be6 7. Bb5 0-0 8. Bxc6 bxc6 9. d4 exd4 10. cxd4 Bb6 11. Re1 d5 12. e5 Ne4 13. Nbd2 Bf5 14. Nb3 Bg4 15. Be3 f6 16. h3 Bh5 17. g4 Bg6 18. Rc1 Qd7 19. exf6 gxf6 20. a4 a5 21. Nfd2 Rae8 22. Nxe4 Rxe4 23. Nc5 Bxc5 24. Rxc5 f5 25. Bh6 Rfe8 26. Rxe4 Rxe4 27. f3 Re6 28. Rxa5 Qe8 29. Kf2 fxg4 30. hxg4 Bc2 31. Qd2 Bd3 32. Bf4 Re2+ 0-1

[Event "Titled Tuesday intern op 16th Apr Early"]
[Site "Chess.com INT"]
[Date "2024.04.16"]
[Round "8"]
[White "Singgih, Diajeng Theresa"]
[Black "Smieszek, Wojciech"]
[Result "0-1"]
[WhiteElo "1924"]
[BlackElo "2127"]
[PlyCount "84"]
[EventDate "2024.04.16"]
[EventType "swiss (blitz)"]
[EventRounds "11"]
[EventCountry "USA"]
[SourceTitle "CB17_2024"]
[SourceDate "2024.04.24"]
[SourceVersion "1"]
[SourceVersionDate "2024.04.24"]
[SourceQuality "1"]

1. e4 c5 2. Nf3 g6 3. d4 cxd4 4. Nxd4 Nc6 5. Be3 Nf6 6. Nc3 Bg7 7. Bc4 0-0 8. 0-0 Nxe4 9. Nxe4 d5 10. Nxc6 bxc6 11. Bd3 dxe4 12. Bxe4 Qc7 13. c3 Be6 14. Qf3 Rfd8 15. h4 h5 16. Bf4 Qb6 17. Bxc6 Rac8 18. Bb7 Rc4 19. Be3 Qxb2 20. Bxa7 Bg4 21. Rab1 Qxb1 22. Rxb1 Bxf3 23. Bxf3 Rxc3 24. a4 Ra3 25. Bb6 Rb8 26. Bc6 Bd4 27. a5 Bxb6 28. axb6 Ra6 29. Bd5 Raxb6 30. Re1 Rb1 31. Rxb1 Rxb1+ 32. Kh2 e6 33. Be4 Kg7 34. Kg3 Rb3+ 35. f3 Kf6 36. Kf4 Rb4 37. Ke3 e5 38. g4 Rb3+ 39. Kf2 hxg4 40. fxg4 Rh3 41. h5 gxh5 42. gxh5 Rxh5 0-1

[Event "Titled Tuesday intern op 26th Sep Early"]
[Site "Chess.com INT"]
[Date "2023.09.26"]
[Round "6"]
[White "Ambartsumova, Karina"]
[Black "Singgih, Diajeng Theresa"]
[Result "1-0"]
[WhiteElo "2418"]
[BlackElo "1825"]
[PlyCount "61"]
[EventDate "2023.09.26"]
[EventType "swiss (blitz)"]
[EventRounds "11"]
[EventCountry "USA"]
[SourceTitle "EXT 2024"]
[Source "ChessBase"]
[SourceDate "2023.10.10"]
[SourceVersion "1"]
[SourceVersionDate "2023.10.10"]
[SourceQuality "1"]

1. d4 d5 2. c4 e6 3. Nc3 Nf6 4. cxd5 Nxd5 5. e4 Nxc3 6. bxc3 c5 7. Nf3 cxd4 8. cxd4 Bb4+ 9. Bd2 Bxd2+ 10. Qxd2 0-0 11. Be2 Nc6 12. h4 b6 13. h5 h6 14. Rd1 Bb7 15. Rh3 Qe7 16. Rg3 Kh8 17. Kf1 Rfd8 18. Qf4 Nb4 19. Qg4 Rg8 20. Ne5 Rac8 21. Rf3 Rcf8 22. Rxf7 Rxf7 23. Ng6+ Kh7 24. Nxe7 Rxe7 25. a3 Nc6 26. Qg6+ Kh8 27. e5 Rd8 28. Bd3 Kg8 29. Qh7+ Kf7 30. Bg6+ Kf8 31. Qh8# 1-0

[Event "Titled Tuesday intern op 26th Sep Early"]
[Site "Chess.com INT"]
[Date "2023.09.26"]
[Round "7"]
[White "Herman, Matthew J"]
[Black "Singgih, Diajeng Theresa"]
[Result "1-0"]
[WhiteElo "2383"]
[BlackElo "1825"]
[PlyCount "57"]
[EventDate "2023.09.26"]
[EventType "swiss (blitz)"]
[EventRounds "11"]
[EventCountry "USA"]
[SourceTitle "EXT 2024"]
[Source "ChessBase"]
[SourceDate "2023.10.10"]
[SourceVersion "1"]
[SourceVersionDate "2023.10.10"]
[SourceQuality "1"]

1. e4 e5 2. Nf3 Nc6 3. Bb5 a6 4. Ba4 Nf6 5. 0-0 b5 6. Bb3 Bc5 7. d3 0-0 8. c3 h6 9. a4 Rb8 10. axb5 axb5 11. d4 Bd6 12. dxe5 Bxe5 13. Nxe5 Nxe5 14. f4 Nc6 15. e5 Ne4 16. Qd5 Bb7 17. Qxe4 Na5 18. Bd5 c6 19. Ba2 c5 20. Qe2 c4 21. Be3 Qc7 22. Nd2 d6 23. Bd4 dxe5 24. fxe5 Rbe8 25. Rae1 f6 26. e6 Re7 27. Bb1 Bd5 28. Bf5 Rfe8 29. Qg4 1-0

[Event "Titled Tuesday intern op 04th Jul Early"]
[Site "Chess.com INT"]
[Date "2023.07.04"]
[Round "6"]
[White "Acikel, Mert"]
[Black "Singgih, Diajeng Theresa"]
[Result "1-0"]
[WhiteElo "2222"]
[BlackElo "1825"]
[PlyCount "39"]
[EventDate "2023.07.04"]
[EventType "swiss (blitz)"]
[EventRounds "11"]
[EventCountry "USA"]
[SourceTitle "EXT 2024"]
[Source "ChessBase"]
[SourceDate "2023.10.10"]
[SourceVersion "1"]
[SourceVersionDate "2023.10.10"]
[SourceQuality "1"]

1. e4 e5 2. Nf3 Nc6 3. Bc4 Bc5 4. c3 Nf6 5. d4 exd4 6. e5 d5 7. Bb5 Ne4 8. cxd4 Bb6 9. Nc3 0-0 10. Be3 Ne7 11. Bd3 Bf5 12. Nh4 Nxc3 13. bxc3 Bxd3 14. Qxd3 Ng6 15. Nxg6 fxg6 16. 0-0 Qe7 17. a4 c5 18. dxc5 Bxc5 19. Qxd5+ Kh8 20. Bxc5 1-0

[Event "Titled Tuesday intern op 04th Jul Early"]
[Site "Chess.com INT"]
[Date "2023.07.04"]
[Round "4"]
[White "Singgih, Diajeng Theresa"]
[Black "Dobre, Claudiu Cristian"]
[Result "0-1"]
[WhiteElo "1825"]
[BlackElo "2261"]
[PlyCount "74"]
[EventDate "2023.07.04"]
[EventType "swiss (blitz)"]
[EventRounds "11"]
[EventCountry "USA"]
[SourceTitle "EXT 2024"]
[Source "ChessBase"]
[SourceDate "2023.10.10"]
[SourceVersion "1"]
[SourceVersionDate "2023.10.10"]
[SourceQuality "1"]

1. e4 Nc6 2. d4 d5 3. e5 Bf5 4. c3 e6 5. Bd3 Nge7 6. Nf3 f6 7. exf6 gxf6 8. Nh4 Bxd3 9. Qxd3 Qd7 10. 0-0 e5 11. dxe5 fxe5 12. b4 Qg4 13. Qg3 Qxg3 14. hxg3 Bg7 15. Bb2 e4 16. a3 0-0 17. Nd2 Ne5 18. c4 Nxc4 19. Nxc4 dxc4 20. Bxg7 Kxg7 21. Rfe1 b5 22. Rxe4 Ng6 23. Nxg6 hxg6 24. a4 c6 25. axb5 cxb5 26. Ra6 Rf6 27. Re7+ Kf8 28. Rxf6+ Kxe7 29. Rxg6 a5 30. bxa5 b4 31. Rb6 b3 32. Rb4 Rc8 33. a6 c3 34. a7 c2 35. Rb8 c1Q+ 36. Kh2 Qh6+ 37. Kg1 Rc1# 0-1

[Event "Titled Tuesday intern op 04th Jul Early"]
[Site "Chess.com INT"]
[Date "2023.07.04"]
[Round "1"]
[White "Suarez Uriel, Adrian"]
[Black "Singgih, Diajeng Theresa"]
[Result "1-0"]
[WhiteElo "2353"]
[BlackElo "1825"]
[PlyCount "51"]
[EventDate "2023.07.04"]
[EventType "swiss (blitz)"]
[EventRounds "11"]
[EventCountry "USA"]
[SourceTitle "EXT 2024"]
[Source "ChessBase"]
[SourceDate "2023.10.10"]
[SourceVersion "1"]
[SourceVersionDate "2023.10.10"]
[SourceQuality "1"]

1. e4 e5 2. d4 exd4 3. c3 d5 4. e5 dxc3 5. Nxc3 c6 6. Nf3 Bb4 7. Bd3 d4 8. a3 Ba5 9. b4 dxc3 10. bxa5 Qxa5 11. 0-0 Be6 12. Rb1 b5 13. Ng5 Ba2 14. Ra1 Bd5 15. Be4 Ne7 16. Bxd5 Nxd5 17. Qh5 Qc7 18. e6 Nf6 19. exf7+ Kd8 20. Ne6+ Kc8 21. Nxc7 Nxh5 22. Nxa8 Kb7 23. Re1 Rf8 24. Re7+ Kxa8 25. Be3 Nf6 26. Rxa7# 1-0

[Event "Titled Tuesday intern op 23rd May Early"]
[Site "Chess.com INT"]
[Date "2023.05.23"]
[Round "6"]
[White "Singgih, Diajeng Theresa"]
[Black "Topalov, Aleksandar"]
[Result "0-1"]
[WhiteElo "1853"]
[BlackElo "2233"]
[PlyCount "142"]
[EventDate "2023.05.23"]
[EventType "swiss (blitz)"]
[EventRounds "11"]
[EventCountry "USA"]
[SourceTitle "CBM 214 Extra"]
[Source "ChessBase"]
[SourceDate "2023.07.31"]
[SourceVersion "1"]
[SourceVersionDate "2023.07.31"]
[SourceQuality "1"]

1. e4 e6 2. d4 d5 3. exd5 exd5 4. Bd3 Bd6 5. Nf3 Ne7 6. 0-0 h6 7. Ne5 0-0 8. Bf4 f6 9. Ng6 Nxg6 10. Bxd6 Qxd6 11. Bxg6 f5 12. Bh5 g6 13. Be2 Nd7 14. c4 dxc4 15. Bxc4+ Kh7 16. Nc3 Nb6 17. Bb3 c6 18. Re1 Bd7 19. d5 c5 20. Qf3 Rae8 21. Ne2 Re4 22. Ng3 Ree8 23. a4 c4 24. Bc2 Qxd5 25. Qf4 Bc6 26. f3 Qf7 27. a5 Nd7 28. Red1 Ne5 29. Rd6 Nd3 30. Qd4 Qe7 31. a6 f4 32. Ne4 Rd8 33. axb7 Bxe4 34. Rxd8 Rxd8 35. Qxe4 Qxe4 36. fxe4 Rb8 37. Rxa7 Nc5 38. Kf2 Rxb7 39. Rxb7+ Nxb7 40. Kf3 g5 41. e5+ Kg7 42. Ke4 Na5 43. Kd4 Kf7 44. Kc5 Ke6 45. Kb6 Nb3 46. Kb5 Nd2 47. Bd1 Kxe5 48. Be2 Kd4 49. Kb4 Kd5 50. Kc3 Ne4+ 51. Kb4 Nd6 52. Kc3 Kc5 53. Bf3 Nb5+ 54. Kd2 Kd4 55. Bc6 Nd6 56. Bf3 Ne4+ 57. Bxe4 Kxe4 58. Kc3 Kd5 59. Kb4 g4 60. Kc3 h5 61. Kd2 Ke4 62. Kc3 Ke3 63. Kxc4 f3 64. gxf3 gxf3 65. b4 f2 66. b5 f1Q+ 67. Kc5 Qf8+ 68. Kc6 Qb8 69. b6 Kf2 70. b7 Kg2 71. Kb6 Kxh2 0-1

[Event "Titled Tuesday intern op 04th Apr Early"]
[Site "Chess.com INT"]
[Date "2023.04.04"]
[Round "5"]
[White "Grabinsky, Vladimir"]
[Black "Singgih, Diajeng Theresa"]
[Result "1-0"]
[WhiteElo "2219"]
[BlackElo "1904"]
[PlyCount "39"]
[EventDate "2023.04.04"]
[EventType "swiss (blitz)"]
[EventRounds "11"]
[EventCountry "USA"]
[SourceTitle "EXT 2024"]
[Source "ChessBase"]
[SourceDate "2023.10.10"]
[SourceVersion "1"]
[SourceVersionDate "2023.10.10"]
[SourceQuality "1"]

1. e4 e5 2. Nf3 Nc6 3. d4 exd4 4. c3 dxc3 5. Nxc3 Bb4 6. Bc4 d6 7. 0-0 Nf6 8. Nd5 Nxd5 9. exd5 Ne5 10. Qa4+ Bd7 11. Qxb4 Nxf3+ 12. gxf3 0-0 13. Kh1 Qf6 14. Qc3 Qh4 15. Rg1 f6 16. Rg3 Rae8 17. Be3 Re5 18. Rag1 g6 19. Bd3 Rxd5 20. Bc4 1-0

[Event "Titled Tuesday intern op 04th Apr Early"]
[Site "Chess.com INT"]
[Date "2023.04.04"]
[Round "1"]
[White "Hristodoulou, Panagiotis"]
[Black "Singgih, Diajeng Theresa"]
[Result "1-0"]
[WhiteElo "2372"]
[BlackElo "1904"]
[PlyCount "65"]
[EventDate "2023.04.04"]
[EventType "swiss (blitz)"]
[EventRounds "11"]
[EventCountry "USA"]
[SourceTitle "EXT 2024"]
[Source "ChessBase"]
[SourceDate "2023.10.10"]
[SourceVersion "1"]
[SourceVersionDate "2023.10.10"]
[SourceQuality "1"]

1. e4 e5 2. Nf3 Nc6 3. Bc4 Bc5 4. 0-0 Nf6 5. d3 0-0 6. h3 h6 7. a4 d5 8. exd5 Nxd5 9. Re1 Be6 10. Nbd2 a6 11. c3 Nf4 12. Ne4 Bxc4 13. Bxf4 Bxf2+ 14. Nxf2 exf4 15. dxc4 Qf6 16. Ng4 Qf5 17. Qd5 Qc2 18. Qd2 Qg6 19. Nge5 Nxe5 20. Rxe5 Qg3 21. Qf2 Qg6 22. Rd1 Rfe8 23. Red5 Kh7 24. Kh2 Re3 25. Rd7 Rae8 26. R1d2 h5 27. Qh4 Re2 28. Qg5 Qxg5 29. Nxg5+ Kg6 30. Nf3 f6 31. b4 R2e4 32. Rxc7 b6 33. Rdd7 1-0

[Event "Titled Tuesday intern op 21st Mar Early"]
[Site "Chess.com INT"]
[Date "2023.03.21"]
[Round "3"]
[White "Fule, Simon"]
[Black "Singgih, Diajeng Theresa"]
[Result "1-0"]
[WhiteElo "2208"]
[BlackElo "1904"]
[PlyCount "99"]
[EventDate "2023.03.21"]
[EventType "swiss (blitz)"]
[EventRounds "11"]
[EventCountry "USA"]
[SourceTitle "EXT 2024"]
[Source "ChessBase"]
[SourceDate "2023.10.10"]
[SourceVersion "1"]
[SourceVersionDate "2023.10.10"]
[SourceQuality "1"]

1. e4 e5 2. Nf3 Nc6 3. Bb5 a6 4. Ba4 Nf6 5. 0-0 b5 6. Bb3 Bc5 7. a4 b4 8. Re1 0-0 9. h3 d6 10. c3 Bb7 11. d4 Bb6 12. Bg5 h6 13. Bh4 g5 14. Bg3 Re8 15. d5 Ne7 16. cxb4 Ng6 17. a5 Ba7 18. Nbd2 Nh5 19. Nf1 Ngf4 20. Kh2 Qd7 21. Ne3 Bxe3 22. fxe3 g4 23. exf4 gxf3 24. Qxf3 exf4 25. Bxf4 Nxf4 26. Qxf4 Kh7 27. e5 dxe5 28. Bc2+ Kg7 29. Rxe5 Qd6 30. Qg3+ Kh8 31. Rae1 Rg8 32. Qd3 Rg7 33. Kh1 Rag8 34. Re8 Qg6 35. Qxg6 fxg6 36. Rxg8+ Kxg8 37. Re8+ Kh7 38. Be4 Rd7 39. Kg1 Bxd5 40. Bxd5 Rxd5 41. Re7+ Kg8 42. Rxc7 Rb5 43. Rc6 Kf7 44. Rb6 Rxb4 45. Rxb4 Kf6 46. Rb6+ Kf7 47. Rxa6 Kg7 48. Rb6 Kf7 49. a6 Ke7 50. a7 1-0